[Event "AUTO-ADV-1608"]
[Site "http://www.queenalice.com/game.php?id=712294"]
[Date "2010.1.12"]
[Round "1"]
[White "negaadelaide"]
[Black "MANIUQUE"]
[Result "1-0"]
[WhiteElo "1843"]
[BlackElo "1856"]

1. Nf3 d5 2. d4 Nf6 3. c4 c6 4. e3 e6 5. a3 g6 6. Nc3 Bg7 7. Be2 O-O 8. Bd2 Nbd7
9. h3 a6 10. Qc2 Re8 11. O-O e5 12. cxd5 exd4 13. Nxd4 Nxd5 14. Nxd5 cxd5 15.
Bf3 Nf6 16. Bc3 Qd6 17. Rfd1 b5 18. e4 Bb7 19. exd5 Bxd5 20. Nb3 Rac8 21. Qd2
Rcd8 22. Na5 Bxf3 23. Qxd6 Rxd6 24. Rxd6 Ne4 25. Rd3 1-0

[Event "AUTO-ADV-1608"]
[Site "http://www.queenalice.com/game.php?id=712295"]
[Date "2010.1.12"]
[Round "1"]
[White "MANIUQUE"]
[Black "negaadelaide"]
[Result "0-1"]
[WhiteElo "1874"]
[BlackElo "1825"]

1. e4 Nc6 2. d4 d5 3. Nc3 e6 4. Nf3 Bb4 5. e5 Nge7 6. Bg5 h6 7. Bh4 g5 8. Bg3
Nf5 9. h4 g4 10. Nh2 Nfxd4 11. Nxg4 Be7 12. Bb5 a6 13. Bxc6+ Nxc6 14. h5 f5 15.
Nh2 Rf8 16. Qd2 Bg5 17. Bf4 Rg8 18. g3 Bd7 19. Nf3 Bxf4 20. Qxf4 Rh8 21. O-O-O
Qe7 22. Kb1 O-O-O 23. Nd4 Nxd4 24. Qxd4 c5 25. Qe3 d4 26. Qd3 dxc3 27. Qxc3 Bc6
28. Rhe1 Rxd1+ 29. Rxd1 Rd8 0-1

[Event "QA-ANNIV-05"]
[Site "http://www.queenalice.com/game.php?id=723841"]
[Date "2010.2.1"]
[Round "3"]
[White "MANIUQUE"]
[Black "Panter"]
[Result "0-1"]
[WhiteElo "1836"]
[BlackElo "2328"]

1. e4 c6 2. d4 d5 3. e5 Bf5 4. Nf3 e6 5. Be2 Nd7 6. O-O h6 7. Nbd2 Qc7 8. a3 Ne7
9. c3 f6 10. exf6 gxf6 11. Nh4 O-O-O 12. Ndf3 Bh7 13. Bd3 Bxd3 14. Qxd3 e5 15.
Nf5 e4 16. Nxe7+ Bxe7 17. Qe2 f5 18. g3 Rdg8 19. Kh1 Bg5 20. Nxg5 hxg5 21. f4
Nf6 22. fxg5 Ng4 23. Bf4 Nxh2 24. Bxc7 Nf3+ 0-1

[Event "Challenge"]
[Site "http://www.queenalice.com/game.php?id=730485"]
[Date "2010.2.12"]
[Round "-"]
[White "PAID3"]
[Black "MANIUQUE"]
[Result "0-1"]
[WhiteElo "1106"]
[BlackElo "1834"]

1. e4 e5 2. c3 Nf6 3. Qe2 Nc6 4. Nf3 Bc5 5. Ng5 d6 6. Qc4 O-O 7. Qxf7+ Rxf7 8.
Nxf7 Kxf7 9. Bc4+ Be6 10. Bxe6+ Kxe6 11. O-O Nxe4 12. d4 exd4 13. cxd4 Bxd4 14.
Bf4 Bxb2 0-1

[Event "Challenge"]
[Site "http://www.queenalice.com/game.php?id=734152"]
[Date "2010.2.19"]
[Round "-"]
[White "MANIUQUE"]
[Black "rodrigomni"]
[Result "1-0"]
[WhiteElo "1833"]
[BlackElo "1372"]

1. d4 d5 2. Bf4 Nc6 3. e3 e6 4. Bb5 Bd7 5. Nf3 h6 6. O-O a6 7. Bxc6 Bxc6 8. Nbd2
Bb5 9. Re1 Nf6 10. Ne5 Qe7 11. a4 Bc6 12. Ndf3 Nh5 13. c3 Nxf4 14. exf4 f6 15.
Nd3 Qf7 16. Qb3 Rb8 17. Nc5 a5 18. Nxe6 Be7 19. Nxc7+ Kd8 20. Ne6+ Kd7 21. Nc5+
Kc7 22. Ne6+ Kc8 23. Qb6 Kd7 24. Qc7+ Ke8 25. Qxb8+ Bd8 26. Qxd8# 1-0

[Event "AUTO-OPEN-1677"]
[Site "http://www.queenalice.com/game.php?id=745762"]
[Date "2010.3.13"]
[Round "2"]
[White "MANIUQUE"]
[Black "thewhitebishop"]
[Result "0-1"]
[WhiteElo "1835"]
[BlackElo "2137"]

1. e4 Nf6 2. Nc3 d6 3. d4 g6 4. f3 Bg7 5. Bd3 O-O 6. Be3 c6 7. Qd2 b5 8. Nh3
Bxh3 9. gxh3 a5 10. Bh6 Qb6 11. Bxg7 Kxg7 12. Qe3 e5 13. Ne2 Nbd7 14. c3 d5 15.
O-O Rfe8 16. Qf2 Re6 17. h4 Nh5 18. exd5 cxd5 19. Rfe1 f5 20. b3 e4 21. fxe4
dxe4 22. Bc2 Ndf6 23. h3 Rae8 24. Rab1 Nd5 25. c4 Nb4 26. c5 Qc7 27. d5 Nxd5 28.
Nd4 Rf6 29. Nxb5 Qc6 30. Nd6 Ree6 31. Qd4 Ndf4 32. Re3 Ng3 33. Kf2 Nxh3+ 34.
Kxg3 f4+ 35. Kxh3 fxe3 36. Qxe3 Rf3+ 0-1

[Event "AUTO-OPEN-1677"]
[Site "http://www.queenalice.com/game.php?id=745763"]
[Date "2010.3.13"]
[Round "2"]
[White "thewhitebishop"]
[Black "MANIUQUE"]
[Result "1-0"]
[WhiteElo "2161"]
[BlackElo "1836"]

1. d4 Nf6 2. c4 e6 3. Nc3 Bb4 4. a3 Bxc3+ 5. bxc3 O-O 6. f3 d6 7. e4 b6 8. Bd3
e5 9. Ne2 Nbd7 10. Be3 Qe7 11. Qc2 a5 12. O-O Bb7 13. Ng3 g6 14. Bg5 Qe6 15. d5
Qe7 16. f4 exf4 17. Rxf4 Qe5 18. Bh6 Rfe8 19. Raf1 Re7 20. h4 c6 21. Bg5 Ree8
22. Kh2 Kg7 23. Rxf6 h6 24. Rxf7+ 1-0

[Event "AUTO-OPEN-1677"]
[Site "http://www.queenalice.com/game.php?id=745764"]
[Date "2010.3.13"]
[Round "2"]
[White "MANIUQUE"]
[Black "boydelta"]
[Result "1-0"]
[WhiteElo "1811"]
[BlackElo "2005"]

1. e4 c6 2. Nf3 d5 3. Bd3 Bg4 4. O-O e6 5. e5 Nd7 6. Be2 Bxf3 7. Bxf3 Nxe5 8. d4
Ng6 9. c3 Bd6 10. g3 N8e7 11. b4 O-O 12. Bg4 a5 13. a3 axb4 14. cxb4 Bxb4 15.
Qb3 Qd6 16. Ra2 Ba5 17. Bg5 b6 18. Nd2 Nf5 19. Nf3 c5 20. Rd1 c4 21. Qc2 f6 22.
Bc1 1-0

[Event "AUTO-OPEN-1677"]
[Site "http://www.queenalice.com/game.php?id=745765"]
[Date "2010.3.13"]
[Round "2"]
[White "boydelta"]
[Black "MANIUQUE"]
[Result "1-0"]
[WhiteElo "1998"]
[BlackElo "1807"]

1. e4 e5 2. Nf3 Nc6 3. Bc4 h6 4. O-O Nf6 5. d3 Bc5 6. c3 d6 7. b4 Bb6 8. a4 a5
9. Qb3 Qe7 10. b5 Nd8 11. Be3 Bg4 12. Nbd2 Ne6 13. h3 Bxf3 14. Nxf3 Bxe3 15.
fxe3 O-O 16. Ra2 c6 17. Qa3 Nc5 18. bxc6 bxc6 19. Nh4 g6 20. Nxg6 1-0

[Event "Challenge"]
[Site "http://www.queenalice.com/game.php?id=746102"]
[Date "2010.3.14"]
[Round "-"]
[White "WAGNER2004"]
[Black "MANIUQUE"]
[Result "1-0"]
[WhiteElo "1583"]
[BlackElo "1831"]

1. e4 e5 2. Nc3 Bb4 3. Nf3 d6 4. d4 f6 5. a3 Ba5 6. dxe5 fxe5 7. Bc4 Nf6 8. Ng5
Rf8 9. O-O Bg4 10. Qd3 Qe7 11. Nd5 Nxd5 12. Qxd5 c6 13. Qxa5 b6 14. Qa4 b5 15.
Bxb5 cxb5 16. Qxb5+ Nd7 17. Qd5 Nb6 18. Qc6+ Bd7 19. Qc3 h6 20. Nf3 Rc8 21. Qe3
Rxc2 22. g3 Bh3 23. Nh4 Rf6 24. Nf5 Qf8 25. Rd1 g6 26. Qd3 Rc4 27. Bxh6 Qf7 28.
Nxd6+ Rxd6 29. Qxd6 Rd4 30. Qxe5+ Be6 31. Qxd4 Bc4 32. Qd8# 1-0

[Event "QA-ANNIV-05"]
[Site "http://www.queenalice.com/game.php?id=758965"]
[Date "2010.4.10"]
[Round "4"]
[White "HokZ157"]
[Black "MANIUQUE"]
[Result "0-1"]
[WhiteElo "2068"]
[BlackElo "1784"]

1. d4 Nf6 2. c4 g6 3. Nc3 Bg7 4. Bg5 O-O 5. Nf3 d6 6. Qd2 Nbd7 7. Bh6 b6 8. e4
e5 9. Bxg7 Kxg7 10. Be2 Bb7 11. d5 Nc5 12. O-O Nfxe4 0-1

[Event "Challenge"]
[Site "http://www.queenalice.com/game.php?id=762089"]
[Date "2010.4.16"]
[Round "-"]
[White "MANIUQUE"]
[Black "WAGNER2004"]
[Result "1-0"]
[WhiteElo "1799"]
[BlackElo "1619"]

1. d4 Nc6 2. e4 e5 3. dxe5 Nxe5 4. Nf3 d6 5. Nxe5 dxe5 6. Qxd8+ Kxd8 7. Bc4 Be6
8. Bxe6 fxe6 9. O-O Nf6 10. Nd2 Bc5 11. Rd1 Ke8 12. h3 Nh5 13. Nf3 Rd8 14. Bg5
Rxd1+ 15. Rxd1 Rf8 16. Rd8+ Kf7 17. Nxe5+ Kg8 18. Rxf8+ Kxf8 19. Nd7+ Ke8 20.
Nxc5 b6 21. Nxe6 Kd7 22. Nf8+ Ke8 23. Nxh7 Nf6 24. Nxf6+ gxf6 25. Bxf6 Kf7 26.
Be5 1-0

[Event "Challenge"]
[Site "http://www.queenalice.com/game.php?id=771254"]
[Date "2010.5.6"]
[Round "-"]
[White "nycka"]
[Black "MANIUQUE"]
[Result "1-0"]
[WhiteElo "1871"]
[BlackElo "1844"]

1. e4 d5 2. exd5 Qxd5 3. Nc3 Qd6 4. d4 c6 5. Nf3 Bg4 6. Be2 Nd7 7. O-O O-O-O 8.
d5 c5 9. Ng5 Bxe2 10. Qxe2 Qf6 11. Qc4 Ne5 12. Qxc5+ Kb8 13. Nb5 Qb6 14. Qxb6
axb6 15. Bf4 Kc8 16. Na7+ 1-0

[Event "Challenge"]
[Site "http://www.queenalice.com/game.php?id=774362"]
[Date "2010.5.12"]
[Round "-"]
[White "MANIUQUE"]
[Black "WAGNER2004"]
[Result "0-1"]
[WhiteElo "1808"]
[BlackElo "1610"]

1. d4 c5 2. dxc5 d6 3. cxd6 Nf6 4. Bg5 Qb6 5. dxe7 Bxe7 6. b3 Ng4 7. Be3 Nxe3 8.
fxe3 Bf6 9. c3 Nc6 10. Qc1 Bf5 11. Nf3 Nb4 12. Na3 Nc2+ 13. Nxc2 Bxc3+ 14. Nd2
Bxc2 15. Qxc2 Bxa1 16. Nc4 Qc6 17. Qd1 Qf6 18. Qd5 Bc3+ 19. Nd2 Rd8 20. Qb5+ Kf8
21. Qc5+ Kg8 0-1

[Event "Challenge"]
[Site "http://www.queenalice.com/game.php?id=778269"]
[Date "2010.5.20"]
[Round "-"]
[White "MANIUQUE"]
[Black "WAGNER2004"]
[Result "1-0"]
[WhiteElo "1835"]
[BlackElo "1651"]

1. Nf3 Nf6 2. d4 d5 3. Nc3 e6 4. Bg5 h6 5. Bh4 Bb4 6. Qd2 g5 7. Bg3 Ne4 8. Qd3
c5 9. dxc5 Qa5 10. Be5 O-O 11. Nd2 Nc6 12. Bd6 Rd8 13. a3 Bxc5 14. Bxc5 Qxc5 15.
e3 b6 16. Ndxe4 dxe4 17. Qxe4 Bb7 18. Bd3 f5 19. Qxe6+ Kg7 20. Qxf5 Qxf5 21.
Bxf5 Ne7 22. Be4 Rab8 23. Bxb7 Rxb7 24. Ke2 Rbd7 25. Rad1 Nd5 26. Rxd5 Rxd5 27.
Nxd5 Rxd5 28. c4 Rc5 29. Kd3 Kf6 30. g4 Ke5 31. h4 gxh4 32. Rxh4 Rc6 33. Rh5+
Kd6 34. Rxh6+ Kc5 35. b4# 1-0

[Event "Challenge"]
[Site "http://www.queenalice.com/game.php?id=781388"]
[Date "2010.5.27"]
[Round "-"]
[White "MANIUQUE"]
[Black "rodrigomni"]
[Result "1-0"]
[WhiteElo "1833"]
[BlackElo "1352"]

1. d4 d5 2. c4 Nf6 3. Nc3 Nc6 4. Bf4 e6 5. e3 h6 6. Nb5 Bd6 7. Nxd6+ cxd6 8. Nf3
dxc4 9. Bxc4 d5 10. Bd3 O-O 11. O-O Ne4 12. Nd2 Nxd2 13. Qxd2 Qb6 14. a3 Bd7 15.
Qc2 Rfc8 16. Qd2 Na5 17. b4 Nb3 18. Qe2 Nxa1 19. Rxa1 Rc3 20. Qd1 Rac8 21. h4 a6
22. Bb1 Rc1 23. Bh7+ Kxh7 24. Rxc1 Rg8 25. Rc7 Bb5 26. Rxf7 Be8 27. Re7 Qc6 28.
g4 Qc8 29. Rc7 Qa8 30. Qe1 Bc6 31. Re7 Rf8 32. Be5 Qd8 33. Rxg7+ Kh8 34. Rd7+
Kg8 35. Rxd8 Rxd8 36. f4 Kh7 37. g5 hxg5 38. hxg5 Kg6 39. Qc3 Rh8 40. Bxh8 e5
41. Bxe5 b5 42. Qxc6+ Kf5 43. Kg2 Ke4 44. Kf2 Kf5 45. Kf3 a5 46. Qf6# 1-0

[Event "Challenge"]
[Site "http://www.queenalice.com/game.php?id=789678"]
[Date "2010.6.14"]
[Round "-"]
[White "MANIUQUE"]
[Black "drglaucoprado"]
[Result "1-0"]
[WhiteElo "1829"]
[BlackElo "1538"]

1. d4 Nf6 2. c4 g6 3. Nc3 Bg7 4. e3 d5 5. Nf3 e6 6. c5 Nc6 7. Bd3 Bd7 8. O-O O-O
9. Bd2 b6 10. Na4 Ne4 11. Bb4 Nxb4 12. Nc3 Nxc3 13. bxc3 Nxd3 14. Qxd3 bxc5 15.
h4 c4 16. Qc2 Bf6 17. g3 c5 18. Rab1 cxd4 19. exd4 e5 20. dxe5 Bg7 21. Rfe1 Rb8
22. Rbd1 Bf5 23. Qa4 Bg4 24. Re3 Bxf3 25. Rxf3 Bxe5 26. Qxa7 f5 27. Qc5 f4 28.
Rxd5 Qf6 29. Rxe5 Rbc8 30. Qd5+ Kg7 31. Rxf4 Qxf4 32. gxf4 Rxf4 33. Re7+ Kf8 34.
Rxh7 Re8 35. Qd6+ Kg8 36. Qxg6+ Kf8 37. Qg7# 1-0

[Event "QA-ANNIV-05"]
[Site "http://www.queenalice.com/game.php?id=793738"]
[Date "2010.6.23"]
[Round "5"]
[White "Eduarte"]
[Black "MANIUQUE"]
[Result "0-1"]
[WhiteElo "2014"]
[BlackElo "1835"]

1. e4 e5 2. Nf3 Nc6 3. Bb5 a6 4. Ba4 b5 5. Bb3 Bc5 6. O-O Nf6 7. d3 O-O 8. h3
Nd4 9. Nxd4 Bxd4 10. c3 Bb6 11. Nd2 Bb7 12. Bc2 c5 13. Qf3 d6 14. g4 d5 15. g5
dxe4 16. dxe4 Ne8 17. h4 Nd6 18. Qe2 Qd7 19. Kh2 Qe6 20. f3 c4 21. Rh1 g6 22.
Nf1 f6 23. Ne3 f5 0-1

[Event "QA-ANNIV-05"]
[Site "http://www.queenalice.com/game.php?id=841329"]
[Date "2010.10.3"]
[Round "6"]
[White "gilcesar"]
[Black "MANIUQUE"]
[Result "1-0"]
[WhiteElo "1975"]
[BlackElo "1858"]

1. e4 Nc6 2. Nf3 d5 3. exd5 Qxd5 4. Nc3 Qd6 5. d4 Bg4 6. Nb5 Qe6+ 7. Ne5 Qxe5+
8. dxe5 Bxd1 9. Nxc7+ Kd7 10. Nxa8 Bxc2 11. Be3 1-0

[Event "Challenge"]
[Site "http://www.queenalice.com/game.php?id=888586"]
[Date "2011.1.20"]
[Round "-"]
[White "MANIUQUE"]
[Black "rodrigomni"]
[Result "0-1"]
[WhiteElo "1847"]
[BlackElo "1564"]

1. d4 d5 2. Nc3 Nc6 3. Nf3 f6 4. g3 Nh6 5. Bg2 Qd6 6. Bf4 Qb4 7. Bxc7 Qxb2 8.
Nxd5 e6 9. Nf4 Nf5 10. Nd3 Qc3+ 11. Nd2 Ncxd4 12. Bf4 Nxc2+ 13. Kf1 Nxa1 14. Nb1
Qa5 15. Bd2 Qc7 16. Bc3 Bd7 17. Bxa1 Rc8 18. e4 Nd6 19. a4 Be7 20. Nc3 O-O 21.
Qh5 Be8 22. Qd1 b6 23. Bh3 f5 24. Nf4 Qc4+ 25. Ke1 Nxe4 26. Bf1 Nxc3 27. Bxc4
Nxd1 28. Bxe6+ Bf7 29. Bxc8 Rxc8 30. Kxd1 Bb3+ 31. Ke2 Rc2+ 32. Kf3 Bxa4 33. Nd5
Bc6 34. Rd1 Bc5 35. Kf4 Rxf2+ 36. Ke5 Bxd5 37. Rxd5 g6 38. Rd7 a5 39. Kf6 Bf8
40. Rb7 Rxh2 41. Rxb6 Bg7+ 0-1

[Event "Challenge"]
[Site "http://www.queenalice.com/game.php?id=942870"]
[Date "2011.5.26"]
[Round "-"]
[White "MANIUQUE"]
[Black "rodrigomni"]
[Result "0-1"]
[WhiteElo "1824"]
[BlackElo "1528"]

1. e4 e5 2. Nf3 Bd6 3. Bc4 Nf6 4. Ng5 Qe7 5. d3 O-O 6. O-O h6 7. Nxf7 Rxf7 8.
Bxf7+ Qxf7 9. Nc3 a6 10. Be3 Nc6 11. f4 Qe6 12. f5 Qe7 13. a3 Nd4 14. b4 c5 15.
bxc5 Bxc5 16. a4 Nc6 17. Qe1 Bd4 18. Bxd4 Nxd4 19. Qd2 Qc5 20. Kh1 d6 21. Rac1
Bd7 22. Ra1 Rc8 23. Ne2 Qxc2 24. Qxc2 Rxc2 25. Nxd4 exd4 26. h3 Nh5 27. Rfc1 Rd2
28. Rd1 Rxd1+ 29. Rxd1 Bxa4 30. Rb1 Bc2 31. Rxb7 Bxd3 32. Rb4 Bxe4 33. Rxd4 d5
34. Kg1 Nf6 35. g4 Kf7 36. Kf2 Ke7 37. Kg3 Kd6 38. Kf4 Bg2 39. h4 Bh3 40. g5
Nh5+ 41. Ke3 hxg5 42. hxg5 Bxf5 43. Ra4 Bc8 44. Ra5 Ng3 45. Kf4 Ne2+ 46. Ke3 Nc3
47. Kf4 g6 48. Ra3 d4 49. Rb3 Kd5 50. Rb6 d3 51. Ke3 Bf5 52. Rxa6 Kc4 53. Rc6+
Kb3 54. Rd6 Kc2 55. Rf6 d2 0-1